| 000 | 01236nam0a2200325 i 4500 | ||
|---|---|---|---|
| 001 | RU\NLR\bibl\2074002 | ||
| 005 | 20260406024553.0 | ||
| 010 |
_a9785955400284 _9300 |
||
| 021 |
_aRU _b2013-61754 _94238 |
||
| 035 | _a(nilc)RuMoRGB-006624996 | ||
| 035 | _a(NLR Aleph) 002060047 | ||
| 090 |
_a4681573 _c4681573 |
||
| 100 | _a20130805d2013 k y0rusy50 ca | ||
| 101 | 0 | _arus | |
| 102 | _aRU | ||
| 105 | _aa z ||||| | ||
| 200 | 1 |
_aНейробиология агрессии _eмыши и люди _fН.Н. Кудрявцева |
|
| 210 |
_aНовосибирск _cНаука-Центр _d2013 |
||
| 215 |
_a271 с. _cил. _d22 |
||
| 320 | _aБиблиогр.: с. 235-271 | ||
| 606 | 1 |
_aЭмоции _xПатология _xЭкспериментальные исследования _92158427 _3RU\NLR\auth\661603883 |
|
| 686 | _aР64-323.1в605 | ||
| 700 | 1 |
_4070 _8rus _7ca _aКудрявцева _bН. Н. _cд-р биол. наук _f1946- _gНаталия Николаевна _3RU\NLR\auth\77126162 _9109086 |
|
| 801 | 0 |
_aRU _bRuMoRKP _c20130805 _gRCR |
|
| 801 | 2 |
_aRU _bРГБ _c20130827 _grcr |
|
| 801 | 1 |
_aRU _bRuMoRKP _c20130805 _2rusmarc |
|
| 801 | 2 |
_aRU _bNLR _c20130920 _grcr |
|
| 942 | _cBOOK | ||
| 980 | _aNBR | ||